| 000 | 00640nam a2200229 i 4500 | ||
|---|---|---|---|
| 001 | bgj | ||
| 100 | 1 | _aBERMAN, David R. | |
| 245 | 1 | 0 |
_aState and Local Politics / _cDavid R. Berman. |
| 250 | _a5th edition. | ||
| 260 |
_aBoston [etc.] : _bAllyn and Bacon, Inc., _cc. 1984. |
||
| 300 |
_aXII, 386 pp : _bgraphs, tables ; _c24 cm. |
||
| 504 | _aBibliography p. 363-373. | ||
| 505 | _aIncludes index. | ||
| 650 | 9 | _aState governments | |
| 650 | 9 |
_aLocal government _zUnited States |
|
| 020 | _a0205104592 | ||
| 040 | _cBPK | ||
| 041 | 0 | _aeng | |
| 920 | _a0-205-10459-2 | ||
| 942 | _cKS | ||
| 008 | s uk f |000 0 eng | ||
| 999 |
_c47521 _d47521 |
||
| 856 |
_uhttp://koha.tu.koszalin.pl/cgi-bin/koha/opac-detail.pl?biblionumber=47521 _yKatalog online BPK |
||